000 00862nam a2200229Ia 4500
003 GCL
008 140319s9999 xx 000 0 ara d
020 _a7202219977
040 _aGCL /
_cGCL
082 0 4 _a811.09
_bز ل
100 1 _aزينب عزب
245 1 0 _aلماذا وانت حبيبى ؟ :
_bشعر /
_cزينب عزب
250 _aالاولى
260 _aالقاهرة :
_bالعربى للنشر والتوزيع ،
_c1996
300 _a266 ص ؛
_c20 سم
650 0 4 _aالشعر العربى - مصر
650 0 4 _aالشعر العربى - تاريخ ونقد - العصرالحديث
650 0 4 _aالادب العربى - تاريخ ونقد - العصرالحديث
650 0 4 _aالشعر الحر - مصر
650 0 4 _aالشعر العربى - مصر - تاريخ ونقد - العصر الحديث
942 _2ddc
_cBK
999 _c34525
_d34525